Popkillery 2026 - Statystyki

Ogólne statystyki
  • Ten quiz został rozwiązany 7 razy
  • Średni wynik to 15 z 29
Statystyki odpowiedzi
Kategoria Zwycięzca % Poprawnych
Najlepszy Kontakt z Fanami Bedoes 2115
100%
Producent Roku Kubi Producent
100%
Raper Roku Nagroda Publiczności Żabson
100%
Raperka Roku Bambi
83%
Odkrycie Roku Wane
83%
Trendsetter Roku Żabson
83%
Międzynarodowa Kooperacja Roku Żabson feat. Wiz Khalifa – Klasyk
83%
Album Roku Nagroda Publiczności Żabson - Hollywood Smile (+ Xtreme)
83%
Progres Roku Kosma Król
67%
Liryczny Raper Roku Taco Hemingway
67%
Teledysk Roku Bedoes 2115 & Kubi Producent – Kamień z serca [Pat Kustoms, B. Przybylski]
50%
Album 35-lecia Grammatik – Światła Miasta
50%
Raper Roku Nagroda Gremium Gruby Mielzky
50%
Próba Czasu (Album Roku 2015, oceniany z perspektywy 10 lat) Quebonafide – Ezoteryka
50%
Grupa/Duet Roku Rów Babicze
50%
Album Roku Nagroda Gremium Taco Hemingway - Latarnie wszędzie dawno zgasły
50%
Newschoolowy Album Roku Wane – Ten sam stan (+Deluxe)
50%
Kooperacja Roku Żabson feat. OKI, Pezet, Młody West, god.wifi – Fakty
50%
Singiel Roku Nagroda Gremium Bedoes 2115 & Kubi Producent – Kamień z serca
33%
Cegiełki Kultury Kiełpo, Wdowa i Dawid Szynol
33%
Alternatywny Album Roku Kosma Król & Kania – Polot
33%
Singiel Roku Nagroda Publiczności OKI & Sobel – Szary blok (prod. bvdy47)
33%
Underdog Roku Frosti
17%
Klasyczny/Trueschoolowy Album Roku Gruby Mielzky & The Returners – To się więcej nie powtórzy
17%
Nagroda #DoWhatMovesYou Hoshii za Hoshii Sessions
17%
Okładka/Wydanie Roku Quebonafide – Północ Południe [Plakiat Maks Bereski, Osom Studios]
17%
DJ Roku – Scratch/Turntablism DJ ChedeRac
0%
DJ Roku – Partyrocking/Aktywność DJ Noz
0%
Złoty Popkiller Tomasz Kubik
0%
Nie znaleziono quizów pasujących do podanych kryteriów
Rozkład punktacji
Procent ludzi z każdym wynikiem
Percentyl według liczby udzielonych odpowiedzi
Twoja historia wyników
Nie rozwiązałeś tego quizu